00779nam a2200241 a 4500001001300000003000900013005001700022008004100039020001000080082001700090100002300107245004600130260004200176300000800218500003500226505009100261650001500352700002300367902000800390942000700398952011700405999001500522nice12345678IN_TiNIC20260116012200.0050524s1942 seca grp 000 0 eng  ac10000a297.86bALL1 aAllahdin, Abdullah aChallange to All the Nations of the Globe aSecunderabadbAbdullah Allahdinc1942 a53p aincludes index and biblioraphy2 aalso contains nishan-e-asmani, asmani faisla siraj-e-munir and risala tuhfa-e-baghdad. aAhmadiyyah1 aAllahdin, Abdullah bSRS cBK 001040708StackRoom-aHMIbHMId2007-07-02g100.00l0o297.86 ALL1p06468r2007-07-02v100.00w2005-05-24yBK c5973d5973